| 000 | 00496nam a2200181Ia 4500 | ||
|---|---|---|---|
| 003 | GCL | ||
| 008 | 140319s9999 xx 000 0 eng d | ||
| 040 |
_aGCL / _cGCL |
||
| 082 | 0 | 4 |
_a697 _bE M |
| 100 | 1 | _aEASTOP, T. D. | |
| 245 | 1 | 0 |
_aMECHANICAL SERVICES FOR BUILDINGS / _cEASTOP, T. D. |
| 260 |
_a[S.N] : _bLONGMAN GROUP UK LIMITED ، _c1992 |
||
| 300 | _a558 P | ||
| 650 | 0 | 4 | _aالتحليل الرياضى |
| 650 | 0 | 4 | _aBUILDINGS |
| 650 | 0 | 4 | _aENVIRONMENTAL ENGINEERING |
| 942 |
_2ddc _cBK |
||
| 999 |
_c20941 _d20941 |
||